| 000 | 00871nam a22002417a 4500 | ||
|---|---|---|---|
| 005 | 20170124110254.0 | ||
| 010 | _aA-945532 | ||
| 020 |
_c00.00 _a8173912858 |
||
| 035 | _aA-945532 | ||
| 037 | _bCen Lib/Ret | ||
| 040 |
_aDPL _bEN |
||
| 082 |
_a371.9 _bYSS |
||
| 100 |
_aYsseldyke, James E. _9101617 |
||
| 245 |
_aSpecial education : _cby James E Ysseldyke [and] Bob Algozzine _ba practical approach for teachers / |
||
| 260 |
_aNew Delhi _bKanishka Publishers _c1998 |
||
| 270 |
_a4697/5-21 A, Ansari Road _bNew Delhi _e110002 |
||
| 300 |
_axxiv,523p. : _c26cm(Hb) _bill. |
||
| 500 | _aIncludes bibliographical references and index | ||
| 650 |
_aChildren with disabilities -- Education -- United States. _9101618 |
||
| 650 |
_aSpecial education -- United States. _9101619 |
||
| 700 |
_aAlgozzine, Bob _9101620 |
||
| 942 |
_2ddc _cEN _h371.9 _mYSS |
||
| 999 |
_c136086 _d136086 |
||